Cien años de la Escuela Nacional de Bellas Artes /

Resumen: El decreto del Poder Ejecutivo para la fundación de la Escuela Nacional de Bellas Artes lo firmó el Presidente Rafael Yglesias Castro, el 12 de marzo de 1897. Inicia en forma provisional en el local de la antigua Universidad de Santo Tomas. El primer decretor fue Tomás Povedano de Arcos, 18...

Description complète

Enregistré dans:
Détails bibliographiques
Auteur principal: Barrionuevo Chen-Apuy, Floria A.
Format: Inconnue
Langue:Spanish
Sujets:
Tags: Ajouter un tag
Pas de tags, Soyez le premier à ajouter un tag!

MARC

LEADER 000000000a22000000004500
001 007886
041 0 |a spa 
100 1 |a Barrionuevo Chen-Apuy, Floria A. 
245 1 0 |a Cien años de la Escuela Nacional de Bellas Artes /   |c Floria A. Barrionuevo Chen-Apuy. 
310 |a Semestral 
520 |a Resumen: El decreto del Poder Ejecutivo para la fundación de la Escuela Nacional de Bellas Artes lo firmó el Presidente Rafael Yglesias Castro, el 12 de marzo de 1897. Inicia en forma provisional en el local de la antigua Universidad de Santo Tomas. El primer decretor fue Tomás Povedano de Arcos, 1857-1943. En 1940, bajo el gobierno de Rafael Ángel Calderón Guardia se crea la Universidad de Costa Rica y la Escuela de Bellas Artes, se designó Facultad de Bellas Artes. 
650 4 |a ESCUELA NACIONAL DE BELLAS ARTES 
650 4 |a UNIVERSIDAD DE COSTA RICA 
650 4 |a FACULTAD DE BELLAS ARTES 
650 4 |a ESCUELA DE ARTES PLASTICAS 
773 0 |d San José, Costa Rica : Editorial de la Universidad de Costa Rica  |t Herencia  |g volumen 8/9, número 2/1 (1996-1997), páginas 19-34 
942 |c ARC 
999 |c 14752  |d 14752